000 nam a22 7a 4500
999 _c8324
_d8324
008 171229b xxu||||| |||| 00| 0 eng d
100 _aBera, Ranjan Tilak
_94741
245 _aAndaman and Nicobar
_bThe Ilysterious bay islands of india. Pre and post tsunami
260 _aHydrabad
_bPragati Offset
_c2006